Protecting Delaware's natural heritage (Record no. 60010)
[ view plain ]
| 000 -LEADER | |
|---|---|
| fixed length control field | 01360nam a2200337Ia 4500 |
| 245 00 - TITLE STATEMENT | |
| Title | Protecting Delaware's natural heritage |
| 260 ## - PUBLICATION, DISTRIBUTION, ETC. (IMPRINT) | |
| Place of publication | Washington, D.C. : |
| Name of publisher | Environmental Law Institute, |
| Year of publication | c1999. |
| 300 ## - PHYSICAL DESCRIPTION | |
| Number of Pages | 149 p. : |
| Other physical details | ill., map. |
| 490 1# - SERIES STATEMENT | |
| Series statement | Environmental Law Institute research report |
| 650 #0 - SUBJECT ADDED ENTRY--TOPICAL TERM | |
| Topical Term | Biodiversity conservation |
| Topical Term | Conservation of natural resources |
| 856 40 - ELECTRONIC LOCATION AND ACCESS | |
| Uniform Resource Identifier | http://site.ebrary.com/lib/rucke/Doc?id=10039984 |
No items available.
